1989 Türkiye nüfus araştırması= (Record no. 3295)
[ view plain ]
| 000 -BAŞLIK | |
|---|---|
| Sabit Uzunlukta Kontrol Alanı | 00824na a2200253 4500 |
| 001 - KONTROL NUMARASI | |
| Denetim Alanı | 13872 |
| 003 - KONTROL NUMARASI IDENTIFIER | |
| Denetim Alanı | MIRAKIL |
| 005 - SON İŞLEM TARİHİ VE ZAMANI | |
| Denetim Alanı | 20181213154927.0 |
| 008 - SABİT-BOY VERİ ELEMANLARI - GENEL BİLGİLER | |
| Sabit Uzunlukta Kontrol Alanı | 161025b tu 000 0 |
| 020 ## - ULUSLARARASI STANDART KİTAP NUMARASI | |
| Uluslararası Standart Kitap Numarası | 9751904552 |
| 035 ## - SİSTEM KONTROL NUMARASI | |
| Sistem Kontrol Numarası | 13872 |
| 040 ## - KATALOGLAMA KAYNAK | |
| Orijinal Kataloglama Ajansı | Milas |
| Kataloglama Dili | tur |
| Metne Dönüştürmek Ajansı | TR-AnCHP |
| 041 ## - DİL KODU | |
| Metin / Ses Parça Veya Ayrı Başlığın Dil Kodu | tur |
| -- | eng |
| 082 ## - DEWEY ONLU SINIFLANDIRMA NUMARASI | |
| Sınıflandırma Numarası | 304.6021 |
| Ürün Numarası | T96 1991 |
| 090 ## - SINIFLAMA NUMARASI | |
| Sınıflama Numarası | 304.6021 T96 1991 |
| 130 ## - ANA GİRİŞ - ÜNİFORM BAŞLIK | |
| Üniforma Başlık | 1989 Türkiye nüfus araştırması |
| 245 ## - BAŞLIK TABLOSU | |
| Başlık | 1989 Türkiye nüfus araştırması= |
| Başlığın Kalan | Turkish demographic survey |
| Sorumluluk Tablosu, Vb | T.C. Başbakanlık Devlet İstatistik Enstitüsü |
| 246 ## - UNVAN FORM VARYING | |
| Başlık Doğru / Kısa Başlığı | Turkish demographic survey |
| 260 ## - YAYIN, DAĞITIM, VB | |
| Yayın, Dağıtım, Vb Yeri | Ankara |
| Yayıncı, Dağıtıcı, Vs Adı | Devlet İstatistik Enstitüsü (DİE) |
| Yayın, Dağıtım, Vb Tarihi | 1991 |
| 300 ## - FİZİKSEL TANIM | |
| Kapsam | 292 s. |
| Diğer Fiziksel Ayrıntıları | grf.; tbl. |
| Boyutlar | 30 sm. |
| 650 ## - KONU KATMA GİRİŞ - TOPİKAL DÖNEM | |
| Topikal Süreli Veya Coğrafi Ad Giriş Elemanı | Nüfus araştırmaları |
| Kronolojik Alt Bölümü | 1989 |
| Coğrafi Alt Bölümü | Türkiye |
| 650 ## - KONU KATMA GİRİŞ - TOPİKAL DÖNEM | |
| Topikal Süreli Veya Coğrafi Ad Giriş Elemanı | Türkiye |
| Genel Alt Bölümü | Nüfus |
| Kronolojik Alt Bölümü | Süreli yayınlar |
| 942 ## - EKLENDİ GİRİŞ ELEMANLARI (KOHA) | |
| Sınıflandırma Veya Raf Düzeni Kaynak | Dewey Decimal Classification |
| Koha Öğesi Türü | Books |
| 999 ## - SİSTEM KONTROL NUMARALARI (KOHA) | |
| Koha Biblionumber | 3295 |
| Koha Biblioitemnumber | 3295 |
| Kalıcı Konum | Mevcut Konum | Edinme Tarihi | Edinim Kaynak | Toplam Check-Out'Lar | Tam Çağrı Numarası | Barkod | Tarih Son Görülme | İtibaren Geçerli Fiyatlar | Koha Öğesi Türü |
|---|---|---|---|---|---|---|---|---|---|
| CHP Kütüphanesi | CHP Kütüphanesi | 08/19/2016 | Bağış | 304.6021 T96 1991 | 001558 | 08/19/2016 | 08/19/2016 | Books |
